| 000 | 00541nam a2200157 a 4500 | ||
|---|---|---|---|
| 001 | 000035613 | ||
| 005 | 20200930074456.0 | ||
| 008 | 111105s2008 br 000 0 spa d | ||
| 020 | _a9788599508114 | ||
| 040 |
_aDO-SdBNP _bspa _cBNPHU |
||
| 100 | 1 |
_aMachado de Assis _961515 |
|
| 245 | 1 | 0 |
_aContos do Rio de Janeiro / _cMachado de Assis. |
| 260 |
_aBrasília : _bEditorial Babel : _bMinistério da Cultura. Fundacao Bilioteca Nacional, _c2008. |
||
| 300 |
_a125 p. ; _c21 cm. |
||
| 500 | _aIncluye datos biográficas del autor en la contrasolapa | ||
| 999 |
_c35104 _d35104 |
||